| 000 | 00511nam a2200181Ia 4500 | ||
|---|---|---|---|
| 999 |
_c33989 _d33989 |
||
| 003 | OSt | ||
| 005 | 20200918144744.0 | ||
| 008 | 190216s9999||||xx |||||||||||||| ||und|| | ||
| 020 | _a817480133 | ||
| 040 | _coclc | ||
| 082 |
_a541 _bTRI/E |
||
| 100 |
_aTripathi, A N _94761 |
||
| 245 | 0 |
_aElectron Correlations In Atoms And Solids / _cA N Tripathi |
|
| 260 |
_bPhoenix House Ltd, _aNew Delhi: _c1998. |
||
| 300 | _a242p | ||
| 650 | _aPhysics | ||
| 942 |
_cBK _2ddc _h541 _iTRI/E _k541 _mTRI/E |
||